000 00664nam a2200217 i 4500
001 bg
003 BPK
005 20150713120402.0
008 980708s1996 pl |000 0 pol
015 _aPB 1996/4404
020 _a8390199556
040 _aWA N
_cBPK
080 _a347(438)
100 1 _aIzdebski, Hubert
_d(1947- ).
245 1 0 _aKodeks cywilny z komentarzem.
_n[Ks. 1] /
_cHubert Izdebski.
260 _aWarszawa :
_b"Transit",
_c1996.
300 _a195, [1] s. ;
_c21 cm.
650 4 _aPrawo cywilne
_zPolska.
856 _uhttp://koha.tu.koszalin.pl/cgi-bin/koha/opac-detail.pl?biblionumber=30826
_yKatalog online BPK
942 _2UKD
_cKS
999 _c30826
_d30826